[Event "Dortmund ABC Serie B-24"]
[Site "Dortmund"]
[Date "2005.12.16"]
[Round "13"]
[White "Oehmke, Bernd"]
[Black "Herrmann, Rudolf"]
[Result "1/2-1/2"]
[WhiteElo "1424"]
[BlackElo "1404"]
[PlyCount "79"]
[EventDate "2005.10.12"]
[EventType "tourn"]
[EventRounds "13"]
[EventCountry "GER"]
[SourceTitle "EXT 2007"]
[Source "ChessBase"]
[SourceDate "2006.11.23"]
[SourceVersion "1"]
[SourceVersionDate "2006.11.23"]
[SourceQuality "1"]

1. e4 d5 2. e5 Bf5 3. d4 e6 4. Bd3 Ne7 5. Bg5 g6 6. Bf6 Rg8 7. Ne2 Bg7 8. Bh4 Nbc6 9. c3 Qd7 10. Ng3 0-0-0 11. Bb5 Bh6 12. Qa4 g5 13. Bxc6 Nxc6 14. Nxf5 exf5 15. Bg3 f4 16. Qc2 fxg3 17. hxg3 Rg6 18. Nd2 g4 19. 0-0-0 Re8 20. Kb1 f6 21. exf6 Rxf6 22. Qd3 Re7 23. f4 gxf3 24. gxf3 Bxd2 25. Rxd2 Qf5 26. Qxf5+ Rxf5 27. f4 h5 28. Rdh2 Rg7 29. Rxh5 Rxh5 30. Rxh5 Rxg3 31. Rxd5 Rf3 32. Rf5 Rf2 33. Rf7 b6 34. b4 b5 35. Rf5 a6 36. Rf6 Kb7 37. d5 Nd8 38. Rf8 Kc8 39. Rf6 Nb7 40. Rf8+ 1/2-1/2

[Event "Dortmund ABC Serie B-24"]
[Site "Dortmund"]
[Date "2005.11.30"]
[Round "10"]
[White "Mueller, Siegfried"]
[Black "Oehmke, Bernd"]
[Result "1/2-1/2"]
[WhiteElo "1436"]
[BlackElo "1424"]
[PlyCount "75"]
[EventDate "2005.10.12"]
[EventType "tourn"]
[EventRounds "13"]
[EventCountry "GER"]
[SourceTitle "EXT 2007"]
[Source "ChessBase"]
[SourceDate "2006.11.23"]
[SourceVersion "1"]
[SourceVersionDate "2006.11.23"]
[SourceQuality "1"]

1. c4 d5 2. cxd5 Qxd5 3. Nc3 Qa5 4. g3 c6 5. Bg2 Nf6 6. e3 e5 7. Nge2 Bg4 8. 0-0 Bd6 9. Qb3 Qb6 10. Qxb6 axb6 11. d4 Bxe2 12. Nxe2 exd4 13. Nxd4 0-0 14. Bd2 Be5 15. f4 Bxd4 16. exd4 Na6 17. Rfe1 Rfe8 18. b4 Nc7 19. a4 Nfd5 20. b5 Rxe1+ 21. Rxe1 Rxa4 22. bxc6 bxc6 23. Bxd5 cxd5 24. Re7 Rc4 25. Rd7 Kf8 26. Rd8+ Ke7 27. Rc8 Kd7 28. Rf8 Ke7 29. Rc8 b5 30. Ba5 b4 31. Bxb4+ Kd7 32. Rb8 Rxd4 33. Bc3 Rd1+ 34. Kg2 d4 35. Ba5 Ra1 36. Bxc7 Kxc7 37. Rb2 Kd6 38. Kf3 1/2-1/2

[Event "Dortmund ABC Serie B-24"]
[Site "Dortmund"]
[Date "2005.11.04"]
[Round "6"]
[White "Skalweit, Wolfgang"]
[Black "Oehmke, Bernd"]
[Result "0-1"]
[WhiteElo "1390"]
[BlackElo "1424"]
[PlyCount "92"]
[EventDate "2005.10.12"]
[EventType "tourn"]
[EventRounds "13"]
[EventCountry "GER"]
[SourceTitle "EXT 2007"]
[Source "ChessBase"]
[SourceDate "2006.11.23"]
[SourceVersion "1"]
[SourceVersionDate "2006.11.23"]
[SourceQuality "1"]

1. f4 b6 2. e3 Bb7 3. Nf3 d6 4. b3 Nf6 5. Bb2 e6 6. Nc3 Be7 7. Be2 0-0 8. 0-0 a6 9. d4 c5 10. Qd3 Nc6 11. a3 d5 12. Rad1 Qc7 13. Ne5 cxd4 14. Nxc6 Qxc6 15. exd4 Rac8 16. Qe3 Rfe8 17. b4 b5 18. Rc1 Bd6 19. Qf3 Qb6 20. Rfd1 Bc6 21. g3 Re7 22. h3 Rec7 23. Nb1 Ne4 24. c3 Bd7 25. Nd2 Nxd2 26. Rxd2 e5 27. fxe5 Bxe5 28. Kh2 Qh6 29. Rd3 Qxh3+ 30. Kg1 Bd6 31. Bf1 Qf5 32. Qg2 Qg5 33. Re1 Bf5 34. Bc1 Qg6 35. Rde3 Rxc3 36. Re8+ Rxe8 37. Rxe8+ Bf8 38. Bf4 Be4 39. Qh3 Qc6 40. Rd8 Qb6 41. Qd7 Qxd4+ 42. Kh2 Qf2+ 43. Kh3 Qxf1+ 44. Kh4 Qh1+ 45. Kg4 f5+ 46. Kg5 Qh6# 0-1

[Event "Dortmund ABC Serie B-24"]
[Site "Dortmund"]
[Date "2005.10.21"]
[Round "3"]
[White "Oehmke, Bernd"]
[Black "Gennat, Egon Leopold"]
[Result "1/2-1/2"]
[WhiteElo "1424"]
[BlackElo "1355"]
[PlyCount "39"]
[EventDate "2005.10.12"]
[EventType "tourn"]
[EventRounds "13"]
[EventCountry "GER"]
[SourceTitle "EXT 2007"]
[Source "ChessBase"]
[SourceDate "2006.11.23"]
[SourceVersion "1"]
[SourceVersionDate "2006.11.23"]
[SourceQuality "1"]

1. e4 d5 2. e5 Bf5 3. d4 e6 4. Bd3 Bxd3 5. Qxd3 Nd7 6. Nf3 Bb4+ 7. Bd2 Bxd2+ 8. Nbxd2 Ne7 9. c3 a6 10. 0-0 c5 11. a3 Nf5 12. b4 c4 13. Qc2 b5 14. a4 Nb6 15. axb5 axb5 16. Rxa8 Qxa8 17. Qb2 0-0 18. Ra1 Na4 19. Qa3 Qb7 20. Qc1 1/2-1/2

[Event "Dortmund ABC Serie Anfaenger-23"]
[Site "Dortmund"]
[Date "2005.06.11"]
[Round "13"]
[White "Benz, Friedrich"]
[Black "Oehmke, Bernd"]
[Result "0-1"]
[WhiteElo "866"]
[BlackElo "1538"]
[PlyCount "102"]
[EventDate "2005.04.13"]
[EventType "tourn"]
[EventRounds "13"]
[EventCountry "GER"]
[SourceTitle "EXT 2007"]
[Source "ChessBase"]
[SourceDate "2006.11.23"]
[SourceVersion "1"]
[SourceVersionDate "2006.11.23"]
[SourceQuality "1"]

1. e4 e6 2. d4 d5 3. e5 c5 4. Nf3 Qb6 5. c3 Nc6 6. Be3 cxd4 7. Nxd4 Qxb2 8. Nc2 Nxe5 9. Bc1 Qb6 10. Nd4 Bd7 11. Bf4 Bd6 12. Nd2 Ne7 13. Rb1 Qc7 14. Nb5 Bxb5 15. Bxb5+ N5c6 16. Bxd6 Qxd6 17. 0-0 0-0 18. Ne4 Qe5 19. Nc5 Qc7 20. Re1 a6 21. Bd3 b5 22. Re3 Nf5 23. Rh3 Qf4 24. Qh5 Qh6 25. Qg4 Qg6 26. Qf3 Ne5 27. Qf4 Nxd3 28. Nxd3 f6 29. Nc5 e5 30. Qb4 Qe8 31. Qb3 Qc6 32. Nd3 Qc4 33. Nb4 Qxb3 34. Rxb3 d4 35. g4 Ne7 36. cxd4 exd4 37. Rhd3 Rfd8 38. Nc2 Nc6 39. Nb4 Ne5 40. h3 Nxd3 41. Nxd3 Rac8 42. Rb2 Rc3 43. Rd2 a5 44. Nf4 g5 45. Ne6 Rd6 46. Nxd4 Rc4 47. Nb3 Rxd2 48. Nxd2 Rc2 49. Ne4 Kg7 50. Nd6 b4 51. Nf5+ Kf7 0-1

[Event "Dortmund ABC Serie Anfaenger-23"]
[Site "Dortmund"]
[Date "2005.05.27"]
[Round "10"]
[White "Oehmke, Bernd"]
[Black "Banken, Gerd"]
[Result "1-0"]
[WhiteElo "1538"]
[BlackElo "1181"]
[PlyCount "85"]
[EventDate "2005.04.13"]
[EventType "tourn"]
[EventRounds "13"]
[EventCountry "GER"]
[SourceTitle "EXT 2007"]
[Source "ChessBase"]
[SourceDate "2006.11.23"]
[SourceVersion "1"]
[SourceVersionDate "2006.11.23"]
[SourceQuality "1"]

1. d4 d5 2. c4 Nf6 3. e3 e6 4. Nf3 Nc6 5. a3 b6 6. Bd3 Bd6 7. 0-0 Ba6 8. Qa4 Bb7 9. cxd5 exd5 10. Re1 0-0 11. Nc3 a6 12. b4 b5 13. Qb3 Nb8 14. Bd2 Re8 15. a4 c6 16. e4 dxe4 17. Nxe4 Nxe4 18. Rxe4 Nd7 19. a5 Nf6 20. Rxe8+ Qxe8 21. Re1 Qd7 22. Ng5 h6 23. Ne4 Nxe4 24. Bxe4 Re8 25. Qe3 Qc7 26. Bh7+ Kxh7 27. Qxe8 Bxh2+ 28. Kh1 Bd6 29. Rc1 Bf4 30. Qe4+ f5 31. Qxf5+ g6 32. Qxf4 Qxf4 33. Bxf4 g5 34. Re1 Kg6 35. Bd2 Kf5 36. Re7 Bc8 37. Rc7 Be6 38. Rxc6 h5 39. Bxg5 Bd5 40. Rc5 Ke4 41. Bf6 h4 42. Rc8 h3 43. f3+ 1-0